000 00698nam a2200241Ia 4500
003 GCL
008 140319s9999 xx 000 0 ara d
040 _aGCL /
_cGCL
082 0 4 _a170
_bا ف
100 1 _aامام عبدالفتاح امام
245 1 0 _aفلسفة الاخلاق /
_cامام عبدالفتاح امام
260 _a[S.N] :
_bدار الثقافة العربية
300 _a268 ص
490 _a
650 0 4 _aالفلسفة
650 0 4 _aالفلسفة الحديثة
650 0 4 _aالسعادة
650 0 4 _aفلسفة الاخلاق
650 0 4 _aالضمير
650 0 4 _aالفلسفة القديمة
650 0 4 _aالفضائل
942 _2ddc
_cBK
999 _c31134
_d31134